[Event "Baku Chess Olympiad | Open"]
[Site "chess24.com"]
[Date "2016.09.05"]
[Round "4"]
[White "Jezov, Roman"]
[Black "Kostenko, Petr"]
[Result "1/2-1/2"]
[Board "4"]
[WhiteID "4502078"]
[WhiteElo "2283"]
[WhiteTitle "FM"]
[WhiteCountry "EST"]
[WhiteFideId "4502078"]
[WhiteEloChange "5"]
[BlackID "13700669"]
[BlackElo "2476"]
[BlackTitle "GM"]
[BlackCountry "KAZ"]
[BlackFideId "13700669"]
[BlackEloChange "-3"]

1. e4 {[%clk 1:30:57]} e6 {[%clk 1:30:49]} 2. d4 {[%clk 1:31:02]} d5 {[%clk
1:30:56]} 3. Nc3 {[%clk 1:31:02]} Nf6 {[%clk 1:31:19]} 4. Bg5 {[%clk 1:30:51]}
dxe4 {[%clk 1:31:42]} 5. Nxe4 {[%clk 1:31:15]} Nbd7 {[%clk 1:32:06]} 6. Nf3
{[%clk 1:30:52]} h6 {[%clk 1:32:28]} 7. Nxf6+ {[%clk 1:30:37]} Nxf6 {[%clk
1:32:48]} 8. Bxf6 {[%clk 1:31:00]} Qxf6 {[%clk 1:33:14]} 9. Bb5+ {[%clk 1:30:08]}
c6 {[%clk 1:33:39]} 10. Bd3 {[%clk 1:30:33]} Bd7 {[%clk 1:24:09]} 11. Qe2 {[%clk
1:29:51]} c5 {[%clk 1:15:41]} 12. O-O-O {[%clk 1:18:48]} O-O-O {[%clk 1:15:40]}
13. Bb5 {[%clk 1:07:44]} Bxb5 {[%clk 1:02:19]} 14. Qxb5 {[%clk 1:07:05]} Qf4+
{[%clk 1:02:22]} 15. Kb1 {[%clk 1:07:21]} cxd4 {[%clk 1:02:22]} 16. Qc4+ {[%clk
1:04:03]} Qc7 {[%clk 1:02:36]} 17. Qxc7+ {[%clk 1:01:48]} Kxc7 {[%clk 1:01:32]}
18. Ne5 {[%clk 1:01:17]} Rd5 {[%clk 0:57:10]} 19. Nxf7 {[%clk 1:01:25]} Rg8
{[%clk 0:57:24]} 20. Rhe1 {[%clk 0:55:36]} Rf5 {[%clk 0:56:51]} 21. Ne5 {[%clk
0:55:50]} Rxf2 {[%clk 0:56:19]} 22. Rxd4 {[%clk 0:55:57]} Rxg2 {[%clk 0:53:47]}
23. Rc4+ {[%clk 0:52:44]} Kd6 {[%clk 0:49:14]} 24. Rd4+ {[%clk 0:48:09]} Kc7
{[%clk 0:44:52]} 25. Rc4+ {[%clk 0:47:37]} Kd6 {[%clk 0:40:24]} 26. Rd4+ {[%clk
0:45:07]} Kc7 {[%clk 0:40:47]} 27. Rc4+ {[%clk 0:45:31]} 1/2-1/2

[Event "Baku Chess Olympiad | Open"]
[Site "chess24.com"]
[Date "2016.09.05"]
[Round "4"]
[White "Piorun, Kacper"]
[Black "Draskovic, Luka"]
[Result "*"]
[Board "3"]
[WhiteID "1130420"]
[WhiteElo "2681"]
[WhiteTitle "GM"]
[WhiteCountry "POL"]
[WhiteFideId "1130420"]
[BlackID "944335"]
[BlackElo "2448"]
[BlackTitle "IM"]
[BlackCountry "MNE"]
[BlackFideId "944335"]

1. e4 {[%clk 1:30:55]} c5 {[%clk 1:30:53]} 2. Nf3 {[%clk 1:31:12]} e6 {[%clk
1:30:45]} 3. d4 {[%clk 1:31:35]} cxd4 {[%clk 1:31:12]} 4. Nxd4 {[%clk 1:31:59]}
Nf6 {[%clk 1:31:37]} 5. Nc3 {[%clk 1:32:24]} d6 {[%clk 1:31:51]} 6. Be2 {[%clk
1:32:38]} Be7 {[%clk 1:29:35]} 7. Be3 {[%clk 1:32:51]} Nc6 {[%clk 1:26:26]} 8.
Qd2 {[%clk 1:33:02]} O-O {[%clk 1:21:31]} 9. O-O-O {[%clk 1:33:24]} Nxd4 {[%clk
1:16:08]} 10. Qxd4 {[%clk 1:31:32]} e5 {[%clk 1:14:58]} 11. Qd2 {[%clk 1:27:59]}
Be6 {[%clk 1:01:26]} 12. Kb1 {[%clk 1:26:51]} Rc8 {[%clk 0:55:30]} 13. f3 {[%clk
1:19:13]} a6 {[%clk 0:53:45]} 14. g4 {[%clk 1:18:12]} b5 {[%clk 0:52:39]} 15. h4
{[%clk 1:07:41]} Nd7 {[%clk 0:51:15]} 16. Bg5 {[%clk 0:58:58]} Rc6 {[%clk
0:39:54]} 17. Nd5 {[%clk 0:58:12]} Bxd5 {[%clk 0:31:52]} 18. Qxd5 {[%clk
0:57:52]} Rb6 {[%clk 0:29:51]} 19. Be3 {[%clk 0:49:00]} Rb8 {[%clk 0:29:52]} 20.
g5 {[%clk 0:49:25]} Nb6 {[%clk 0:27:40]} 21. Qd3 {[%clk 0:43:35]} Nc4 {[%clk
0:18:48]} 22. Bc1 {[%clk 0:43:58]} a5 {[%clk 0:18:35]} 23. Rdg1 {[%clk 0:39:57]}
a4 {[%clk 0:15:57]} 24. a3 {[%clk 0:34:29]} Na5 {[%clk 0:04:01]} 25. Qd5 {[%clk
0:26:58]} Qb6 {[%clk 0:02:21]} 26. g6 {[%clk 0:25:41]} Qc5 {[%clk 0:01:43]} 27.
gxh7+ {[%clk 0:17:37]} Kh8 {[%clk 0:01:47]} 28. Qd2 {[%clk 0:14:11]} b4 {[%clk
0:01:00]} 29. Rxg7 {[%clk 0:13:29]} Kxg7 {[%clk 0:01:02]} 30. Qh6+ {[%clk
0:13:53]} Kh8 {[%clk 0:01:29]} 31. Be3 {[%clk 0:14:18]} Qxe3 {[%clk 0:00:34]} 32.
Qxe3 {[%clk 0:14:45]} bxa3 {[%clk 0:00:45]} 33. Qxa3 {[%clk 0:13:07]} *

[Event "Baku Chess Olympiad | Open"]
[Site "chess24.com"]
[Date "2016.09.05"]
[Round "4"]
[White "Yilmaz, Mustafa"]
[Black "McNab, Colin A"]
[Result "*"]
[Board "3"]
[WhiteID "6302718"]
[WhiteElo "2616"]
[WhiteTitle "GM"]
[WhiteCountry "TUR"]
[WhiteFideId "6302718"]
[BlackID "2400030"]
[BlackElo "2434"]
[BlackTitle "GM"]
[BlackCountry "SCO"]
[BlackFideId "2400030"]

1. d4 {[%clk 1:30:30]} g6 {[%clk 1:30:30]} 2. c4 {[%clk 1:30:30]} d6 {[%clk
1:30:30]} 3. Nc3 {[%clk 1:30:30]} Bg7 {[%clk 1:30:30]} 4. Nf3 {[%clk 1:30:30]} e5
{[%clk 1:30:30]} 5. e4 {[%clk 1:30:30]} Nc6 {[%clk 1:30:30]} 6. Bg5 {[%clk
1:30:30]} f6 {[%clk 1:30:30]} 7. Be3 {[%clk 1:30:30]} Nh6 {[%clk 1:30:30]} 8.
dxe5 {[%clk 1:30:30]} Nxe5 {[%clk 1:30:30]} 9. Be2 {[%clk 1:30:30]} Nhg4 {[%clk
1:30:30]} 10. Bf4 {[%clk 1:30:30]} Nxf3+ {[%clk 1:30:30]} 11. Bxf3 {[%clk
1:30:30]} Ne5 {[%clk 1:30:30]} 12. Be2 {[%clk 1:30:30]} Be6 {[%clk 1:30:30]} 13.
b3 {[%clk 1:30:30]} O-O {[%clk 1:30:30]} 14. Rc1 {[%clk 1:30:30]} f5 {[%clk
1:30:30]} 15. exf5 {[%clk 1:30:30]} Rxf5 {[%clk 1:30:30]} 16. Be3 {[%clk
1:30:30]} h5 {[%clk 1:30:30]} 17. O-O {[%clk 1:30:30]} Qf8 {[%clk 1:30:30]} 18.
f4 {[%clk 1:30:30]} Bh6 {[%clk 1:30:30]} 19. Nd5 {[%clk 1:30:30]} Bxd5 {[%clk
1:30:30]} 20. Qxd5+ {[%clk 1:30:30]} Rf7 {[%clk 1:30:30]} 21. Qe4 {[%clk
1:30:30]} Ng4 {[%clk 1:30:30]} 22. Qxg6+ {[%clk 1:30:30]} Rg7 {[%clk 1:30:30]}
23. Qe6+ {[%clk 1:30:30]} Qf7 {[%clk 1:30:30]} 24. Bxg4 {[%clk 1:30:30]} Rxg4
{[%clk 1:30:30]} 25. Qxf7+ {[%clk 1:30:30]} Kxf7 {[%clk 1:30:30]} 26. g3 {[%clk
1:29:48]} Re8 {[%clk 1:29:55]} 27. Kf2 {[%clk 1:29:01]} Rg6 {[%clk 1:29:04]} 28.
Kf3 {[%clk 1:28:30]} a6 {[%clk 1:27:35]} 29. Rfe1 {[%clk 1:27:37]} Bg7 {[%clk
1:27:52]} 30. h3 {[%clk 1:27:35]} Bb2 {[%clk 1:27:23]} 31. Rc2 {[%clk 1:26:06]}
Bd4 {[%clk 1:27:33]} 32. Rce2 {[%clk 1:25:46]} Bxe3 {[%clk 1:27:21]} 33. Rxe3
{[%clk 1:26:06]} Rxe3+ {[%clk 1:27:40]} 34. Rxe3 {[%clk 1:26:15]} Rh6 {[%clk
1:27:51]} 35. f5 {[%clk 1:26:06]} b5 {[%clk 1:28:01]} 36. Kf4 {[%clk 1:25:45]}
Rh8 {[%clk 1:28:00]} *

[Event "Baku Chess Olympiad | Open"]
[Site "chess24.com"]
[Date "2016.09.05"]
[Round "4"]
[White "Pasaribu, Ivan Maxmillian Putra"]
[Black "Krnan, Tomas"]
[Result "*"]
[Board "4"]
[WhiteID "7104219"]
[WhiteElo "1860"]
[WhiteTitle "FM"]
[WhiteCountry "INA"]
[WhiteFideId "7104219"]
[BlackID "14905361"]
[BlackElo "2430"]
[BlackTitle "IM"]
[BlackCountry "CAN"]
[BlackFideId "14905361"]

1. e4 {[%clk 1:30:54]} e5 {[%clk 1:30:54]} 2. Nf3 {[%clk 1:31:12]} Nc6 {[%clk
1:31:18]} 3. Bc4 {[%clk 1:31:25]} Nf6 {[%clk 1:31:13]} 4. d3 {[%clk 1:31:42]} Bc5
{[%clk 1:30:42]} 5. c3 {[%clk 1:31:57]} O-O {[%clk 1:30:25]} 6. O-O {[%clk
1:32:00]} d5 {[%clk 1:29:56]} 7. exd5 {[%clk 1:28:07]} Nxd5 {[%clk 1:30:20]} 8.
Re1 {[%clk 1:11:11]} Bg4 {[%clk 1:29:51]} 9. Nbd2 {[%clk 1:06:16]} Nb6 {[%clk
1:28:23]} 10. Bb5 {[%clk 1:04:49]} Bd6 {[%clk 1:27:55]} 11. h3 {[%clk 1:03:25]}
Bh5 {[%clk 1:28:05]} 12. Ne4 {[%clk 1:00:51]} f5 {[%clk 1:27:43]} 13. Ng3 {[%clk
0:47:00]} Bxf3 {[%clk 1:27:23]} 14. Qxf3 {[%clk 0:47:28]} Qd7 {[%clk 1:27:06]}
15. Nf1 {[%clk 0:33:20]} a6 {[%clk 1:23:08]} 16. Bxc6 {[%clk 0:31:02]} bxc6
{[%clk 1:23:30]} 17. Be3 {[%clk 0:27:32]} c5 {[%clk 1:17:13]} 18. Rad1 {[%clk
0:22:37]} Qa4 {[%clk 1:10:57]} 19. b4 {[%clk 0:18:31]} Qa3 {[%clk 0:37:24]} 20.
bxc5 {[%clk 0:17:23]} Bxc5 {[%clk 0:35:56]} 21. Bxc5 {[%clk 0:17:31]} Qxc5 {[%clk
0:36:20]} 22. d4 {[%clk 0:17:59]} exd4 {[%clk 0:35:55]} 23. cxd4 {[%clk 0:17:41]}
Qd5 {[%clk 0:34:14]} 24. Qxd5+ {[%clk 0:13:24]} Nxd5 {[%clk 0:34:42]} 25. Re5
{[%clk 0:11:36]} Rad8 {[%clk 0:33:04]} 26. Rc1 {[%clk 0:06:44]} Rd7 {[%clk
0:26:58]} 27. Rc4 {[%clk 0:03:09]} g6 {[%clk 0:05:28]} *

[Event "Baku Chess Olympiad | Open"]
[Site "chess24.com"]
[Date "2016.09.05"]
[Round "4"]
[White "Bravo, William"]
[Black "Gledura, Benjamin"]
[Result "*"]
[Board "4"]
[WhiteID "6100406"]
[WhiteElo "2194"]
[WhiteTitle "FM"]
[WhiteCountry "NCA"]
[WhiteFideId "6100406"]
[BlackID "712779"]
[BlackElo "2585"]
[BlackTitle "IM"]
[BlackCountry "HUN"]
[BlackFideId "712779"]

1. d4 {[%clk 1:30:55]} Nf6 {[%clk 1:30:52]} 2. c4 {[%clk 1:31:19]} g6 {[%clk
1:31:16]} 3. Nc3 {[%clk 1:31:44]} d5 {[%clk 1:31:41]} 4. cxd5 {[%clk 1:32:05]}
Nxd5 {[%clk 1:32:01]} 5. e4 {[%clk 1:32:33]} Nxc3 {[%clk 1:32:22]} 6. bxc3 {[%clk
1:32:54]} Bg7 {[%clk 1:32:48]} 7. Nf3 {[%clk 1:33:10]} c5 {[%clk 1:32:49]} 8. Rb1
{[%clk 1:33:22]} O-O {[%clk 1:32:45]} 9. Be2 {[%clk 1:33:44]} b6 {[%clk 1:32:44]}
10. O-O {[%clk 1:33:10]} Qc7 {[%clk 1:32:56]} 11. Bg5 {[%clk 1:23:13]} Nc6 {[%clk
1:32:17]} 12. d5 {[%clk 1:14:41]} Ne5 {[%clk 1:31:57]} 13. Nd2 {[%clk 1:15:00]}
f5 {[%clk 1:31:12]} 14. f3 {[%clk 0:59:06]} Nf7 {[%clk 1:27:07]} 15. Bh4 {[%clk
0:57:08]} Bxc3 {[%clk 1:20:28]} 16. Nc4 {[%clk 0:54:46]} Bd4+ {[%clk 1:18:35]}
17. Kh1 {[%clk 0:55:06]} f4 {[%clk 1:12:56]} 18. Bf2 {[%clk 0:53:13]} Bg7 {[%clk
1:11:12]} 19. Qc2 {[%clk 0:48:41]} Bd7 {[%clk 1:06:52]} 20. a4 {[%clk 0:46:38]}
Rab8 {[%clk 1:01:18]} 21. Be1 {[%clk 0:46:21]} Rfd8 {[%clk 0:54:29]} 22. g3
{[%clk 0:41:40]} a6 {[%clk 0:39:28]} 23. gxf4 {[%clk 0:40:42]} b5 {[%clk
0:38:29]} 24. axb5 {[%clk 0:38:39]} axb5 {[%clk 0:38:52]} 25. Na3 {[%clk
0:38:28]} c4 {[%clk 0:38:55]} 26. f5 {[%clk 0:29:30]} c3 {[%clk 0:31:02]} 27.
fxg6 {[%clk 0:29:30]} hxg6 {[%clk 0:31:26]} 28. Rg1 {[%clk 0:23:09]} b4 {[%clk
0:22:11]} 29. Bg3 {[%clk 0:16:11]} Nd6 {[%clk 0:20:24]} 30. e5 {[%clk 0:04:24]}
Bf5 {[%clk 0:17:19]} 31. Bd3 {[%clk 0:01:07]} bxa3 {[%clk 0:11:29]} *

[Event "Baku Chess Olympiad | Open"]
[Site "chess24.com"]
[Date "2016.09.05"]
[Round "4"]
[White "Barbosa, Evandro Amorim"]
[Black "Forster, Richard"]
[Result "*"]
[Board "4"]
[WhiteID "2115824"]
[WhiteElo "2509"]
[WhiteTitle "GM"]
[WhiteCountry "BRA"]
[WhiteFideId "2115824"]
[BlackID "1301764"]
[BlackElo "2459"]
[BlackTitle "IM"]
[BlackCountry "SUI"]
[BlackFideId "1301764"]

1. e4 {[%clk 1:30:54]} c5 {[%clk 1:30:47]} 2. Nf3 {[%clk 1:31:15]} a6 {[%clk
1:31:05]} 3. g3 {[%clk 1:31:14]} b5 {[%clk 1:31:12]} 4. Bg2 {[%clk 1:31:31]} Bb7
{[%clk 1:31:36]} 5. d3 {[%clk 1:31:49]} g6 {[%clk 1:24:55]} 6. O-O {[%clk
1:32:10]} Bg7 {[%clk 1:25:22]} 7. Re1 {[%clk 1:31:38]} e5 {[%clk 1:16:33]} 8. c3
{[%clk 1:31:18]} Nc6 {[%clk 1:15:14]} 9. Be3 {[%clk 1:29:02]} d6 {[%clk 1:14:44]}
10. d4 {[%clk 1:29:17]} cxd4 {[%clk 1:12:41]} 11. cxd4 {[%clk 1:29:40]} exd4
{[%clk 1:12:37]} 12. Nxd4 {[%clk 1:29:44]} Nge7 {[%clk 1:12:41]} 13. Nc3 {[%clk
1:27:58]} O-O {[%clk 1:12:57]} 14. a4 {[%clk 1:18:58]} b4 {[%clk 0:56:48]} 15.
Nd5 {[%clk 1:18:10]} Nxd5 {[%clk 0:56:55]} 16. exd5 {[%clk 1:18:29]} Nxd4 {[%clk
0:57:03]} 17. Bxd4 {[%clk 1:18:53]} Rc8 {[%clk 0:56:45]} 18. a5 {[%clk 1:10:31]}
Rc4 {[%clk 0:48:05]} 19. Bb6 {[%clk 1:03:34]} Qf6 {[%clk 0:43:37]} 20. Qb3 {[%clk
0:44:46]} Rfc8 {[%clk 0:33:18]} 21. Rab1 {[%clk 0:41:07]} Qf5 {[%clk 0:29:03]}
22. Rbd1 {[%clk 0:39:39]} Bf6 {[%clk 0:20:43]} 23. Re8+ {[%clk 0:32:29]} Rxe8
{[%clk 0:15:32]} 24. Qxc4 {[%clk 0:31:16]} Qh5 {[%clk 0:15:50]} 25. Rf1 {[%clk
0:29:18]} Qe5 {[%clk 0:05:32]} 26. Rb1 {[%clk 0:18:42]} Kg7 {[%clk 0:04:21]} 27.
Be3 {[%clk 0:12:52]} Rc8 {[%clk 0:03:13]} 28. Qb3 {[%clk 0:13:05]} Qf5 {[%clk
0:03:04]} 29. Re1 {[%clk 0:12:08]} h5 {[%clk 0:01:00]} *

[Event "Baku Chess Olympiad | Open"]
[Site "chess24.com"]
[Date "2016.09.05"]
[Round "4"]
[White "Nisipeanu, Liviu-Dieter"]
[Black "Rodshtein, Maxim"]
[Result "*"]
[Board "1"]
[WhiteID "1202758"]
[WhiteElo "2687"]
[WhiteTitle "GM"]
[WhiteCountry "GER"]
[WhiteFideId "1202758"]
[BlackID "2806851"]
[BlackElo "2687"]
[BlackTitle "GM"]
[BlackCountry "ISR"]
[BlackFideId "2806851"]

1. e4 {[%clk 1:30:56]} c6 {[%clk 1:29:54]} 2. d4 {[%clk 1:31:18]} d5 {[%clk
1:30:20]} 3. e5 {[%clk 1:31:36]} Bf5 {[%clk 1:30:32]} 4. h4 {[%clk 1:31:05]} h5
{[%clk 1:30:01]} 5. Bd3 {[%clk 1:31:05]} Bxd3 {[%clk 1:30:08]} 6. Qxd3 {[%clk
1:31:30]} e6 {[%clk 1:30:31]} 7. Bg5 {[%clk 1:31:34]} Be7 {[%clk 1:30:31]} 8. Nf3
{[%clk 1:31:28]} Nh6 {[%clk 1:30:08]} 9. Nc3 {[%clk 1:29:20]} Nf5 {[%clk
1:29:25]} 10. Ne2 {[%clk 1:27:22]} c5 {[%clk 1:28:36]} 11. dxc5 {[%clk 1:22:57]}
Na6 {[%clk 1:28:15]} 12. Ned4 {[%clk 1:06:35]} Nxd4 {[%clk 1:25:31]} 13. Qxd4
{[%clk 1:06:17]} Nxc5 {[%clk 1:20:24]} 14. O-O {[%clk 1:05:01]} b5 {[%clk
0:37:15]} 15. b3 {[%clk 0:44:12]} O-O {[%clk 0:33:05]} 16. Rad1 {[%clk 0:42:49]}
Ne4 {[%clk 0:25:20]} 17. Bxe7 {[%clk 0:41:40]} Qxe7 {[%clk 0:25:44]} 18. c4
{[%clk 0:42:05]} bxc4 {[%clk 0:26:09]} 19. bxc4 {[%clk 0:42:31]} Rfd8 {[%clk
0:26:26]} 20. cxd5 {[%clk 0:39:34]} exd5 {[%clk 0:25:42]} 21. Rc1 {[%clk
0:38:38]} Rab8 {[%clk 0:23:49]} 22. Rc2 {[%clk 0:32:03]} Rb4 {[%clk 0:22:04]} 23.
Qe3 {[%clk 0:32:17]} Qb7 {[%clk 0:16:38]} 24. Nd4 {[%clk 0:25:59]} Re8 {[%clk
0:13:26]} 25. Nc6 {[%clk 0:12:53]} Rb1 {[%clk 0:10:41]} 26. Rxb1 {[%clk 0:12:10]}
Qxb1+ {[%clk 0:11:05]} 27. Qc1 {[%clk 0:11:41]} Qb6 {[%clk 0:08:00]} 28. Rb2
{[%clk 0:09:03]} Qc7 {[%clk 0:05:53]} 29. Rc2 {[%clk 0:09:29]} Qb6 {[%clk
0:05:28]} 30. Rb2 {[%clk 0:09:51]} Qc7 {[%clk 0:03:34]} *

[Event "Baku Chess Olympiad | Open"]
[Site "chess24.com"]
[Date "2016.09.05"]
[Round "4"]
[White "Postny, Evgeny"]
[Black "Meier, Georg"]
[Result "*"]
[Board "2"]
[WhiteID "2804344"]
[WhiteElo "2619"]
[WhiteTitle "GM"]
[WhiteCountry "ISR"]
[WhiteFideId "2804344"]
[BlackID "4675789"]
[BlackElo "2654"]
[BlackTitle "GM"]
[BlackCountry "GER"]
[BlackFideId "4675789"]

1. d4 {[%clk 1:30:56]} Nf6 {[%clk 1:30:55]} 2. c4 {[%clk 1:31:22]} e6 {[%clk
1:31:19]} 3. g3 {[%clk 1:31:46]} d5 {[%clk 1:31:42]} 4. Bg2 {[%clk 1:32:11]} Bb4+
{[%clk 1:31:58]} 5. Bd2 {[%clk 1:32:33]} Be7 {[%clk 1:32:19]} 6. Nf3 {[%clk
1:32:53]} O-O {[%clk 1:32:40]} 7. O-O {[%clk 1:33:06]} c6 {[%clk 1:33:01]} 8. Qc2
{[%clk 1:33:21]} Nbd7 {[%clk 1:33:21]} 9. Rd1 {[%clk 1:32:59]} b6 {[%clk
1:33:37]} 10. b3 {[%clk 1:33:24]} a5 {[%clk 1:32:01]} 11. Bc3 {[%clk 1:31:12]}
Bb7 {[%clk 1:32:20]} 12. Nbd2 {[%clk 1:29:45]} Qc7 {[%clk 1:32:38]} 13. e4 {[%clk
1:27:28]} c5 {[%clk 1:32:56]} 14. exd5 {[%clk 1:19:16]} exd5 {[%clk 1:29:30]} 15.
Rac1 {[%clk 1:19:10]} Rfe8 {[%clk 1:27:20]} 16. Bb2 {[%clk 1:03:52]} Rac8 {[%clk
1:13:27]} 17. Re1 {[%clk 0:51:27]} dxc4 {[%clk 1:08:54]} 18. Qxc4 {[%clk
0:46:31]} Bd5 {[%clk 1:09:12]} 19. Qd3 {[%clk 0:42:05]} Qb7 {[%clk 1:02:26]} 20.
Nh4 {[%clk 0:40:25]} Bf8 {[%clk 0:58:51]} 21. Bxd5 {[%clk 0:34:58]} Qxd5 {[%clk
0:58:11]} 22. Nc4 {[%clk 0:31:58]} Rxe1+ {[%clk 0:17:19]} 23. Rxe1 {[%clk
0:32:22]} b5 {[%clk 0:17:30]} 24. Ne3 {[%clk 0:24:34]} c4 {[%clk 0:17:58]} 25.
bxc4 {[%clk 0:21:44]} bxc4 {[%clk 0:18:25]} 26. Qe2 {[%clk 0:14:24]} Qe4 {[%clk
0:12:54]} 27. Bc3 {[%clk 0:12:01]} a4 {[%clk 0:10:16]} 28. d5 {[%clk 0:04:55]} g6
{[%clk 0:10:41]} 29. Qd1 {[%clk 0:02:04]} Qd3 {[%clk 0:08:25]} 30. Bxf6 {[%clk
0:02:12]} *

[Event "Baku Chess Olympiad | Open"]
[Site "chess24.com"]
[Date "2016.09.05"]
[Round "4"]
[White "Bachmann, Axel"]
[Black "Sulskis, Sarunas"]
[Result "*"]
[Board "2"]
[WhiteID "3700488"]
[WhiteElo "2641"]
[WhiteTitle "GM"]
[WhiteCountry "PAR"]
[WhiteFideId "3700488"]
[BlackID "12800112"]
[BlackElo "2519"]
[BlackTitle "GM"]
[BlackCountry "LTU"]
[BlackFideId "12800112"]

1. Nf3 {[%clk 1:30:51]} d5 {[%clk 1:30:43]} 2. g3 {[%clk 1:30:47]} c6 {[%clk
1:30:40]} 3. Bg2 {[%clk 1:30:48]} Bg4 {[%clk 1:30:35]} 4. O-O {[%clk 1:30:26]}
Nd7 {[%clk 1:29:56]} 5. d3 {[%clk 1:27:28]} e6 {[%clk 1:25:34]} 6. Nbd2 {[%clk
1:22:57]} Bd6 {[%clk 1:23:33]} 7. h3 {[%clk 1:22:24]} Bh5 {[%clk 1:23:17]} 8. e4
{[%clk 1:18:18]} Ne7 {[%clk 1:22:42]} 9. d4 {[%clk 1:10:14]} O-O {[%clk 1:22:40]}
10. Re1 {[%clk 1:05:43]} a5 {[%clk 1:18:42]} 11. c3 {[%clk 0:55:14]} a4 {[%clk
1:16:40]} 12. e5 {[%clk 0:54:21]} Bc7 {[%clk 1:15:30]} 13. Nf1 {[%clk 0:53:34]}
c5 {[%clk 1:10:27]} 14. g4 {[%clk 0:46:13]} Bg6 {[%clk 1:10:51]} 15. Ng3 {[%clk
0:46:28]} cxd4 {[%clk 1:04:02]} 16. cxd4 {[%clk 0:46:21]} Nc6 {[%clk 1:04:22]}
17. h4 {[%clk 0:46:00]} a3 {[%clk 0:46:07]} 18. bxa3 {[%clk 0:35:18]} Ba5 {[%clk
0:42:27]} 19. h5 {[%clk 0:28:25]} Bxe1 {[%clk 0:35:22]} 20. hxg6 {[%clk 0:26:47]}
Bc3 {[%clk 0:31:38]} 21. gxh7+ {[%clk 0:27:09]} Kh8 {[%clk 0:31:56]} 22. Rb1
{[%clk 0:27:29]} Qc7 {[%clk 0:27:27]} 23. Ne2 {[%clk 0:21:40]} Ba5 {[%clk
0:21:26]} 24. Bg5 {[%clk 0:21:10]} Rac8 {[%clk 0:15:35]} 25. Qd3 {[%clk 0:14:35]}
Rfe8 {[%clk 0:15:25]} 26. Nf4 {[%clk 0:13:11]} Nf8 {[%clk 0:15:39]} 27. Nh5
{[%clk 0:12:56]} Nxh7 {[%clk 0:10:26]} 28. Qe3 {[%clk 0:12:09]} Rg8 {[%clk
0:07:20]} 29. Bf1 {[%clk 0:12:31]} Rcf8 {[%clk 0:04:02]} 30. Bd3 {[%clk 0:12:53]}
f5 {[%clk 0:03:43]} 31. Nf4 {[%clk 0:12:26]} g6 {[%clk 0:03:34]} 32. Nxe6 {[%clk
0:12:44]} fxg4 {[%clk 0:01:18]} *

[Event "Baku Chess Olympiad | Open"]
[Site "chess24.com"]
[Date "2016.09.05"]
[Round "4"]
[White "Tin, Jingyao"]
[Black "Efimov, Igor"]
[Result "*"]
[Board "3"]
[WhiteID "5804418"]
[WhiteElo "2439"]
[WhiteTitle "IM"]
[WhiteCountry "SIN"]
[WhiteFideId "5804418"]
[BlackID "806404"]
[BlackElo "2374"]
[BlackTitle "GM"]
[BlackCountry "MNC"]
[BlackFideId "806404"]

1. d4 {[%clk 1:30:56]} Nf6 {[%clk 1:27:23]} 2. Nf3 {[%clk 1:31:19]} e6 {[%clk
1:27:32]} 3. c4 {[%clk 1:30:56]} a6 {[%clk 1:27:43]} 4. e3 {[%clk 1:28:01]} c5
{[%clk 1:25:02]} 5. Nc3 {[%clk 1:27:42]} b6 {[%clk 1:22:51]} 6. Bd3 {[%clk
1:26:29]} Bb7 {[%clk 1:23:12]} 7. O-O {[%clk 1:25:55]} d6 {[%clk 1:23:23]} 8. a4
{[%clk 1:22:31]} Nc6 {[%clk 1:16:30]} 9. d5 {[%clk 1:19:08]} exd5 {[%clk
1:11:18]} 10. cxd5 {[%clk 1:19:06]} Nb4 {[%clk 1:11:33]} 11. Bc4 {[%clk 1:18:56]}
g6 {[%clk 1:09:02]} 12. e4 {[%clk 1:18:30]} Bg7 {[%clk 1:09:24]} 13. Bf4 {[%clk
1:16:12]} Nh5 {[%clk 0:58:48]} 14. Bg5 {[%clk 1:14:14]} Qd7 {[%clk 0:57:40]} 15.
Qd2 {[%clk 1:09:31]} O-O {[%clk 0:57:03]} 16. Rfe1 {[%clk 1:04:26]} Rae8 {[%clk
0:50:29]} 17. Nh4 {[%clk 0:24:11]} h6 {[%clk 0:21:30]} 18. Bxh6 {[%clk 0:15:36]}
Bxh6 {[%clk 0:21:44]} 19. Qxh6 {[%clk 0:16:00]} Nc2 {[%clk 0:22:10]} 20. Nf3
{[%clk 0:15:33]} Nxa1 {[%clk 0:21:59]} 21. Rxa1 {[%clk 0:15:39]} f6 {[%clk
0:15:46]} 22. Qxg6+ {[%clk 0:15:30]} Ng7 {[%clk 0:16:14]} 23. Bd3 {[%clk
0:10:21]} Qf7 {[%clk 0:15:57]} 24. Qxf7+ {[%clk 0:08:39]} Kxf7 {[%clk 0:06:59]}
25. g4 {[%clk 0:07:22]} Ke7 {[%clk 0:07:09]} 26. Ne2 {[%clk 0:05:59]} Bc8 {[%clk
0:06:39]} 27. h3 {[%clk 0:06:23]} Bd7 {[%clk 0:07:04]} 28. Nh4 {[%clk 0:04:14]}
Kf7 {[%clk 0:06:26]} 29. Kg2 {[%clk 0:03:55]} b5 {[%clk 0:06:03]} *

[Event "Baku Chess Olympiad | Open"]
[Site "chess24.com"]
[Date "2016.09.05"]
[Round "4"]
[White "Abdyjapar, Asyl"]
[Black "Gascon Del Nogal, Jose Rafael"]
[Result "*"]
[Board "1"]
[WhiteID "13800337"]
[WhiteElo "2390"]
[WhiteTitle "IM"]
[WhiteCountry "KGZ"]
[WhiteFideId "13800337"]
[BlackID "3902463"]
[BlackElo "2436"]
[BlackTitle "IM"]
[BlackCountry "VEN"]
[BlackFideId "3902463"]

1. d4 {[%clk 1:30:47]} Nf6 {[%clk 1:30:44]} 2. c4 {[%clk 1:31:09]} g6 {[%clk
1:31:10]} 3. Nc3 {[%clk 1:31:35]} Bg7 {[%clk 1:31:37]} 4. e4 {[%clk 1:31:59]} d6
{[%clk 1:32:05]} 5. Nf3 {[%clk 1:32:24]} O-O {[%clk 1:32:29]} 6. h3 {[%clk
1:32:50]} e5 {[%clk 1:32:18]} 7. d5 {[%clk 1:29:10]} Nh5 {[%clk 1:32:40]} 8. g3
{[%clk 1:29:36]} f5 {[%clk 1:33:04]} 9. exf5 {[%clk 1:30:03]} gxf5 {[%clk
1:33:30]} 10. Nh4 {[%clk 1:30:21]} Qe8 {[%clk 1:16:05]} 11. g4 {[%clk 1:26:40]}
Nf4 {[%clk 1:11:11]} 12. Nxf5 {[%clk 1:26:54]} Bxf5 {[%clk 1:04:49]} 13. gxf5
{[%clk 1:27:18]} Rxf5 {[%clk 1:04:53]} 14. Rg1 {[%clk 1:25:25]} Na6 {[%clk
0:58:30]} 15. Ne4 {[%clk 1:17:54]} Nc5 {[%clk 0:58:07]} 16. Nxc5 {[%clk 1:13:49]}
dxc5 {[%clk 0:58:33]} 17. Be3 {[%clk 1:14:13]} b6 {[%clk 0:49:38]} 18. Qg4 {[%clk
1:10:59]} Qf7 {[%clk 0:49:49]} 19. O-O-O {[%clk 1:09:43]} Rf6 {[%clk 0:44:35]}
20. Qh4 {[%clk 1:08:25]} Kh8 {[%clk 0:43:08]} 21. Rg4 {[%clk 1:07:38]} Rf8 {[%clk
0:32:53]} 22. Qg3 {[%clk 1:02:27]} e4 {[%clk 0:24:51]} 23. Rd2 {[%clk 0:57:24]}
h5 {[%clk 0:23:43]} 24. Rg5 {[%clk 0:54:13]} Bh6 {[%clk 0:20:38]} 25. Re5 {[%clk
0:53:52]} Rg8 {[%clk 0:18:50]} 26. Qh2 {[%clk 0:54:15]} Qg6 {[%clk 0:18:53]} 27.
Kc2 {[%clk 0:51:53]} Rgf8 {[%clk 0:17:25]} 28. Be2 {[%clk 0:47:22]} R6f7 {[%clk
0:13:12]} 29. Kb3 {[%clk 0:35:22]} Rf5 {[%clk 0:10:01]} 30. Rxe4 {[%clk 0:30:06]}
Qf7 {[%clk 0:04:49]} 31. Bf1 {[%clk 0:23:28]} Qd7 {[%clk 0:00:39]} 32. Qh1 {[%clk
0:20:12]} Qd6 {[%clk 0:01:02]} 33. h4 {[%clk 0:18:43]} Bg7 {[%clk 0:01:07]} 34.
a3 {[%clk 0:15:01]} Be5 {[%clk 0:01:21]} *